Statistics for Golden State Warriors Triple Double

Click here to take the quiz!

General Stats

  • This quiz has been taken 14 times
  • The average score is 9 of 28

Answer Stats

Player Nb Last % Correct
Draymond Green242019
100%
Stephen Curry72016
100%
Kevin Durant52018
100%
Wilt Chamberlain81964
79%
Rick Barry61976
79%
Chris Mullin51997
71%
Baron Davis52008
57%
Stephen Jackson12009
50%
Latrell Sprewell11997
43%
Nate Thurmond21967
43%
Tim Hardaway41992
43%
Mickey Johnson11983
29%
Phil Smith11976
21%
David Lee22012
21%
Neil Johnston11956
21%
Chris Webber11993
14%
Purvis Short11981
14%
Jerry Lucas21971
7%
Tom Gola201962
7%
Robert Parish11978
7%
Winston Garland21988
0%
Andy Phillip101952
0%
Mookie Blaylock12001
0%
Guy Rodgers171966
0%
Al Attles11968
0%
Jeff Mullins11968
0%
Jack George11956
0%
Ken Murray11955
0%

Score Distribution

Percentile by Number Answered

Percent of People with Each Score

Your Score History

You have not taken this quiz